000 01064nam a2200205 i 4500
001 72567
003 ES-MaACL
005 20230906171458.0
007 t|
008 040901m18871903fr ||||1| fre d
080 _a34(44)(091)
100 1 _aGlasson, Ernest-Désiré.
_957412
245 1 0 _aHistoire du droit et des instituttions de la France /
_cpar Ernest Glasson.
260 _aParís :
_bF. Pichon,
_c1887-1903.
300 _a8 v. ;
_c23 cm.
505 8 _aContiene: I. La Gaule celtique. La Gaule romaine - II. Époque franque - III. Époque franque - IV. La féodalité: les sources du droit, la féodalité civile, la féodalité politique - V. La féodalité: les communes et les autres villes, l'église, la royanté - VI. La féodalité: les finances et la jústice du roi - VII. La féodalité: le droit civil - VIII. Epoque monarchique: les sources du droit, condition des personnes, famille
650 4 _aDerecho-
_zFrancia-
_vHistoria.
_9151862
650 4 _aInstituciones políticas-
_zFrancia-
_vHistoria.
_9151863
852 _aES-MaACL
_jF-12974-81
999 _c72567
_d72567